| 000 -CABECERA |
| fixed length control field |
01220nam a22002297a 4500 |
| 003 - IDENTIFICADOR DEL NÚMERO DE CONTROL |
| control field |
AR-CdUCM |
| 008 - DATOS DE LONGITUD FIJA--INFORMACIÓN GENERAL |
| fixed length control field |
190318b ||||| |||| 00| 0 spa d |
| 020 ## - NÚMERO INTERNACIONAL ESTÁNDAR DEL LIBRO |
| ISBN |
84-85701-09-7 |
| 040 ## - FUENTE DE LA CATALOGACIÓN |
| Agencia/entidad que catalogó originalmente la obra |
MUNICIPALIDAD PROVINCIAL DEL CUSCO |
| Entidad que transcribió la catalogación |
BIBLIOTECA MUNICIPAL DEL CUSCO |
| 082 ## - NÚMERO DE LA CLASIFICACIÓN DECIMAL DEWEY |
| No. de Clasificación |
617 / |
| Notacion interna |
OL48 |
| 100 ## - ENTRADA PRINCIPAL--NOMBRE DE PERSONA |
| Nombre Personal |
Oliver, Alfonso |
| 245 ## - MENCIÓN DE TÍTULO |
| Título |
Medicina practica / |
| Resto del título |
Cirugía practica : |
| 260 ## - PUBLICACIÓN, DISTRIBUCIÓN, ETC. |
| Lugar de publicación, distribución, etc. |
Madrid : |
| Nombre de la editorial, distribuidor, etc. |
Editorial Legasa, |
| 300 ## - DESCRIPCIÓN FÍSICA |
| Nº de Páginas Extensión |
4 Tomos ; |
| Otros detalles físicos |
Ilustraciones en color, |
| Dimensiones |
27 cm. |
| 505 ## - NOTA DE CONTENIDO CON FORMATO |
| Nota de contenido formateada |
Contenido: t.1: La inflamación -- El absceso -- Infecciones quirúrgicas de la piel -- Ulceras de decubito -- La sepsis -- t.2: Principios de cirugía operatoria -- Cuidados generales pre operatorios -- Anestesia general -- Anestesia loco regional -- Cuidados generales postoperatorios -- t.3: Abdomen agudo -- Obstrucción intestinal -- Evisceración -- Nutrición parenteral -- Nomenclatura quirúrgica -- t.4: Cirugía gástrica -- Fistula del intestino delgado -- Cirugía del colon -- Cirugía ano rectal -- Cirugía hepatobiliar... |
| 650 ## - PUNTO DE ACCESO ADICIONAL DE MATERIA--TÉRMINO DE MATERIA |
| Descriptor |
Medicina humana |
| 9 (RLIN) |
18640 |
| 650 ## - PUNTO DE ACCESO ADICIONAL DE MATERIA--TÉRMINO DE MATERIA |
| Descriptor |
Cirugia |
| 9 (RLIN) |
18641 |
| 650 ## - PUNTO DE ACCESO ADICIONAL DE MATERIA--TÉRMINO DE MATERIA |
| Descriptor |
Medicina practica |
| 9 (RLIN) |
18642 |
| 650 ## - PUNTO DE ACCESO ADICIONAL DE MATERIA--TÉRMINO DE MATERIA |
| Descriptor |
Cuerpo humano |
| 9 (RLIN) |
18643 |
| 942 ## - ELEMENTOS DE PUNTO DE ACCESO ADICIONAL (KOHA) |
| Fuente de clasificación |
|
| Tipo de item |
Libros-BMC |
| 945 ## - PROCESAMIENTO DE INFORMACIÓN LOCAL (OCLC) |
| Catalogador |
wnts |